UBT Library

The chef's companion : (Record no. 39876)

000 -LEADER
fixed length control field 00652pam a2200229 a 4500
001 - CONTROL NUMBER
control field 4752077
005 - DATE AND TIME OF LATEST TRANSACTION
control field 20180109043655.0
008 - FIXED-LENGTH DATA ELEMENTS--GENERAL INFORMATION
fixed length control field 851101s1986 nyua db 000 0 eng
010 ## - LIBRARY OF CONGRESS CONTROL NUMBER
LC control number 85027142
020 ## - INTERNATIONAL STANDARD BOOK NUMBER
International Standard Book Number 0442278462
040 ## - CATALOGING SOURCE
Original cataloging agency DLC
Transcribing agency DLC
Modifying agency DLC
041 ## - LANGUAGE CODE
Language code of text/sound track or separate title eng
080 ## - UNIVERSAL DECIMAL CLASSIFICATION NUMBER
Universal Decimal Classification number 641.0321 eli
082 00 - DEWEY DECIMAL CLASSIFICATION NUMBER
Classification number 641.0321 eli
Edition number 19
100 1# - Rafti
Rafti 23
101 ## - Shkurtesa
Shkurtesa fja
245 14 - TITLE STATEMENT
Title The chef's companion :
Statement of responsibility, etc Elizabeth Riely ; illustrations by David Miller.
504 ## - BIBLIOGRAPHY, ETC. NOTE
Bibliography, etc Bibliography: p. 213-215.
906 ## - LOCAL DATA ELEMENT F, LDF (RLIN)
a 7
b cbc
c orignew
d 1
e ocip
f 19
g y-gencatlg
942 ## - ADDED ENTRY ELEMENTS (KOHA)
Source of classification or shelving scheme
Item type Books
Holdings
Withdrawn status Lost status Source of classification or shelving scheme Damaged status Not for loan Permanent location Current location Date acquired Total Checkouts Full call number Barcode Date last seen Price effective from Koha item type
          UBT - Lipjan UBT - Lipjan 01/09/2018   641.0321 eli 002-2994977 01/09/2018 01/09/2018 Books
UBT Library © 2015-2024. All rights reserved University Education for Business and Technology